Statistics for Hrvatska na B

Click here to take the quiz!

General Stats

  • This quiz has been taken 316 times
  • The average score is 9 of 16

Answer Stats

HintOdgovor% Correct
Reprezentacija koju je Hrvatska izbacila sa SP 2022 u KataruBrazil (ili Belgija!)
85%
Tvrtka Koestlin, koja se bavi proizvodnjom keksa, je iz ovog hrvatskog gradaBjelovar
83%
Mjesto na Krku gdje je nađena ploča koja govori o darivanju zemlje lokalnom samostanuBaška
78%
Hrvatski reprezentativac koji od 2015. igra za milanski Inter (prezime)Brozović
78%
Vojna operacija kojom je 1995. oslobođeno 500 km² SlavonijeBljesak
76%
Otočje na kojem je Tito ugostio čak 90 stranih državnikaBrijuni
76%
Titula koju je Khuen Hedervary držao od 1883 do 1903, ili prezime bivšeg frontmena Daleke ObaleBan
74%
Mlađi od braće NavojecBojan
72%
Pjevačica poznata i po umjetničkim imenom "I Bee"; zna da si ju varao godinama, s kim i kako vatreno (prezime)Banfić
64%
Grad u BiH u kojem je hrvatski sabor stolovao više puta, npr. nakon Krbavske bitkeBihać
55%
Dopuni stihove pjesme Dalmatina: Svi će anđeli i svi će sveci pjevat pjesmu, ti je samo reci i poželi ...Božić bijeli
48%
Igrač Detroit Pistonsa nadimka "Babo"Bojan Bogdanović
47%
Slavonska rijeka poznata po izrazito mirnom tokuBosut
46%
Malo mjesto u okolici Šibenika, nasuprot otoka KrapnjaBrodarica
21%
Slikar rođen kao Biagio Faggioni, 1855. u Cavtatu (prezime)Bukovac
16%
Izumiteljica najpoznatijeg dodatka slanim jelima; teta Vegeta (prezime)Bartl
11%

Score Distribution

Percentile by Number Answered

Percent of People with Each Score

Your Score History

You have not taken this quiz